000 006000000a22001810004500
003 MACL
005 20160410113528.0
008 160410b xxu||||| |||| 00| 0 eng d
040 _aMACL
_cMACL
041 _aHindi
082 _a080
100 _aसाेनी वेद प्रकाश
_947796
245 _aस्‍वेट मार्डेन कृत आत्‍मविश्‍वासी बनो
260 _bए. के. एन्‍टरप्राईज
_c2002
_aनई दिल्‍ली
350 _a150
650 _aEducation
_951570
942 _cHIN
_k080
_2ddc
999 _c11392
_d11392